Chronologija staroslavjanskich i drevnerusskich rukopisnych knig X-XI vv.

Bibliographic Details
Main Author: Mironova, Tat'jana Leonidovna (Author)
Format: Book
Language:Russian
PhysicalDescription:403 s., 10 s. faks. príl. ilustr., tab. 21 cm
Published: Moskva Russkaja kniga 2001
ISBN:5268004409
Subjects:

MARC

LEADER 00000nam a2200000 a 4500
001 vtls001562931
003 SK-MaSNL
005 20260301204239.0
008 240318s2001 ru hal f 000 0 rus
020 |a 5268004409  |q (viaz.) 
040 |a SNK  |b slo  |c SNK  |e AACR2 
041 0 |a rus 
043 |a e-ru--- 
044 |a ru  |c RU 
072 7 |a 09  |x Rukopisy, prvotlače, staré tlače. Vzácne a pozoruhodné diela  |2 konspekt 
080 |a 091:003.349.1  |2 2001 
080 |a 091:003.349.3  |2 2001 
080 |a (470+571)  |2 2001 
080 |a 091(=163.1)  |2 2001 
080 |a (048.8)  |2 2001 
100 1 |a Mironova, Tat'jana Leonidovna  |4 aut  |9 588791 
245 1 0 |a Chronologija staroslavjanskich i drevnerusskich rukopisnych knig X-XI vv.  |c T. L. Mironova 
260 |a Moskva  |b Russkaja kniga  |c 2001 
300 |a 403 s., 10 s. faks. príl.  |b ilustr., tab.  |c 21 cm 
648 7 |a 10.-11. stor.  |2 SNKPH  |9 300866 
650 0 7 |a staroslovienske rukopisy  |2 SNKPH  |9 98030 
650 0 7 |a cirkevnoslovanské rukopisy  |2 SNKPH  |9 98031 
650 0 7 |a hlaholské rukopisy  |2 SNKPH  |9 108487 
650 0 7 |a cyrilské rukopisy  |2 SNKPH  |9 83612 
650 0 7 |a vplyvy  |2 SNKPH  |9 319488 
651 7 |a Rusko  |2 SNKPH  |9 17250 
655 7 |a prehľady  |2 SNKPH  |9 70194 
919 |a 5-268-00440-9 
999 |c 905652  |d 907582 
952 |a SNK  |b SNK  |y VYP  |7 0  |p 17A0468366  |o snkIC 132232  |i snk2005/7947  |8 2  |g 22.57  |0 0  |1 0  |4 0  |d 2005-04-29  |l 0  |r 2026-02-24 07:27:29  |w 2026-02-24